00499nam a2200169Ia 4500008004100000020001600041040001800057041000800075100001800083245003400101260003600135300001700171490003200188600006500220650002400285650002000309130821s1972 fr gr spa  a22180118209 aCo-BoUCMbspa aspa aGaillard, Pol 3aLa peste. CamuscPol Gaillard aParís (Francia)bHatierc1972 a79 páginas aProfil d'une oeuvre, No. 22 aCamus, Albertd1913-1960xCrítica e interpretación, etc.04aLiteratura francesa04aNovela francesa